[Event "Leicestershire-ch"]
[Site "Littlethorpe"]
[Date "2008.09.23"]
[Round "5"]
[White "Tate, Michael J"]
[Black "Wylie, Steve"]
[Result "1-0"]
[WhiteElo "1648"]
[BlackElo "1656"]
[PlyCount "85"]
[EventDate "2008.05.27"]
[EventType "swiss"]
[EventRounds "6"]
[EventCountry "ENG"]
[SourceTitle "EXT 2011"]
[Source "ChessBase"]
[SourceDate "2010.11.26"]
[SourceVersion "1"]
[SourceVersionDate "2010.11.26"]
[SourceQuality "1"]

1. e4 c5 2. Nf3 Nc6 3. d4 cxd4 4. Nxd4 g6 5. c3 Nf6 6. Bd3 d5 7. Nxc6 bxc6 8. exd5 Qxd5 9. 0-0 Bg7 10. Qe2 0-0 11. Bc2 e6 12. Be3 Bb7 13. Rd1 Qb5 14. Bd3 Qh5 15. Qxh5 Nxh5 16. Nd2 a5 17. Nb3 Nf6 18. Nc5 Rfb8 19. Bf4 Nd5 20. Bxb8 Rxb8 21. Be4 Ba8 22. Rab1 f5 23. Bf3 e5 24. Be2 e4 25. Bc4 Kf7 26. Nd7 Rb7 27. Rxd5 cxd5 28. Bxd5+ Ke7 29. Bxb7 Bxb7 30. Nc5 Bd5 31. Nb3 a4 32. Nc5 a3 33. bxa3 Bxc3 34. Nb3 Ke6 35. a4 Bh8 36. a5 Kd6 37. Rc1 Bb2 38. Rc2 Ba3 39. a6 Ke5 40. Na5 Kd4 41. Nc6+ Kd3 42. a7 Kxc2 43. a8Q 1-0

[Event "Leicestershire-ch"]
[Site "Littlethorpe"]
[Date "2008.06.23"]
[Round "2"]
[White "Wylie, Steve"]
[Black "Byron, Alan M"]
[Result "0-1"]
[WhiteElo "1656"]
[BlackElo "2080"]
[PlyCount "64"]
[EventDate "2008.05.27"]
[EventType "swiss"]
[EventRounds "6"]
[EventCountry "ENG"]
[SourceTitle "EXT 2011"]
[Source "ChessBase"]
[SourceDate "2010.11.26"]
[SourceVersion "1"]
[SourceVersionDate "2010.11.26"]
[SourceQuality "1"]

1. d4 d5 2. Bf4 e6 3. e3 Bd6 4. Bb5+ c6 5. Bxd6 Qxd6 6. Bd3 Qb4+ 7. c3 Qxb2 8. Ne2 Nf6 9. Nd2 Qa3 10. 0-0 Nbd7 11. Qc2 0-0 12. e4 dxe4 13. Nxe4 Nxe4 14. Bxe4 Nf6 15. Bf3 Re8 16. Rfe1 Qd6 17. Ng3 Bd7 18. Re5 Rac8 19. Ne4 Nxe4 20. Bxe4 g6 21. h4 b6 22. Rg5 f5 23. Bf3 c5 24. h5 Kf7 25. hxg6+ hxg6 26. dxc5 Qxc5 27. Rd1 Re7 28. Rd3 Rh8 29. Qd2 Bb5 30. Rd8 Rh7 31. Bg4 Qc4 32. Qc1 Qc7 0-1